| 000 | 02916ncm0a2200505 4500 | ||
|---|---|---|---|
| 001 | RU\NLR\ONIZ\303200 | ||
| 005 | 20250625115649.0 | ||
| 035 | _a(NLR Aleph) 022092274 | ||
| 071 | 2 | 0 | _a6 |
| 090 |
_a12720406 _c12720406 |
||
| 100 | _a20231128d1909 |||y0rusy50 ca | ||
| 101 | 0 | _arus | |
| 102 | _aRU | ||
| 125 | _aa| | ||
| 128 | _apsa | ||
| 135 | _acrmn mmmanaba | ||
| 145 | 0 | _au | |
| 200 | 1 |
_aНа реках Вавилонских _bНоты _eпсалом 136 _eор. 7 _eдля четырехголоснаго смешаннаго хора [с фортепиано] _fЕ. М. Витошинский |
|
| 203 |
_aМузыка _bзнаковая _bвизуальная _cнепосредственная |
||
| 208 | _aПартитура | ||
| 210 |
_aВ Москве _cсклад издания П. Юргенсона _gLith. Anst. v. C. G. Röder _eLeipzig _d1909 |
||
| 215 |
_a10 с. _d27 см |
||
| 300 | _aНа тит. л.: Посвящается А. А. Архангельскому | ||
| 313 | _aСистематизация документа проведена по изданию - Методика классифицирования музыкальных произведений (нотных изданий) по таблицам Библиотечно-библиографических классификаций : метод. рекомендации / Гос. б-ка СССР им. В.И. Ленина.- М., 1977. Индексу ББК методических рекомендаций присваивается код ББК для научных библиотек - LBC/SL | ||
| 317 |
_6b03899 _aНа тит. л. рукоп.: Ник. Мих. Ганьковскому. автор 20.VIII.09 _5NLR |
||
| 325 | _aКопия доступна в Электрон. б-ке РНБ | ||
| 606 | 1 |
_aДуховная музыка русская _z20 в. _jНоты _2nlr_sh |
|
| 606 | 1 |
_aПсалмы Давида _yРоссия _z20 в. _2nlr_sh |
|
| 686 | 0 | _aЩ99(28)П | |
| 686 | 0 | _aЩ941.1-42-049(28)П | |
| 700 | 1 |
_9z01790 _aВитошинский _bЕ. М. _f1869-после 1929 _gЕмельян Михайлович _4230 _7ca |
|
| 702 | 1 |
_9z02790 _aАрхангельский _bА. А. _f1846-1924 _gАлександр Андреевич _4280 _7ca |
|
| 790 | 1 |
_9z01700 _aVitošinskij _bE. M. _f1869-после 1929 _gEmel`jan Michailovič _4230 _7ba |
|
| 790 | 1 |
_9z02702 _aArchangel`skij _bA. A. _f1846-1924 _gAleksandr Andreevič _4280 _7ba |
|
| 801 | 0 |
_aRU _bNLR _c20231128 _gPSBO |
|
| 801 | 1 |
_aRU _bNLR _c20231128 _2rusmarc |
|
| 801 | 2 |
_aRU _bNLR _c20231128 |
|
| 852 |
_6b03317 _aNLR _bМ _jК-3/6117 _p232924 _t1 |
||
| 942 | _cSCORE | ||
| 980 | _aNB | ||
| 980 | _aONIZ | ||
| 981 | 2 | 4 |
_a(24) Нотные издания и аудиозаписи _b(24) Русская духовная музыка |